000 00773nam a22002057a 4500
999 _c2377
_d2377
003 AR-CdUCM
008 190304b ||||| |||| 00| 0 spa d
040 _aMUNICIPALIDAD PROVINCIAL DEL CUSCO
_cBIBLIOTECA MUNICIPAL DEL CUSCO
082 _a985.09 /
_bV66
100 _aVillanueva Valencia, Víctor
_98543
245 _aEl CAEM y la revolución de la Fuerza Armada /
260 _aLima :
_bInstituto de Estudios Peruanos,
_bEdic. Campodónico,
_c1972
300 _a249 paginas ;
_c19 cm.
505 _aContenido :Formación del CAEM --Evolución doctrinaria del CAEM --Evolución política del CAEM --Consideraciones finales /
650 _aPolitica
_9291
650 _aFuerzas armadas
_98330
650 _aArmonia nacional
_98544
942 _2ddc
_cLIBROS
945 _arjall